[Event "DOM-ch"]
[Site "Santo Domingo"]
[Date "2021.05.21"]
[Round "9"]
[White "Sanchez Castillo, Jose Rafael"]
[Black "Plata Nelson, Roberto Marino"]
[Result "1-0"]
[WhiteElo "2162"]
[BlackElo "1938"]
[PlyCount "71"]
[EventDate "2021.05.07"]
[EventType "swiss"]
[EventRounds "11"]
[EventCountry "DOM"]
[SourceTitle "CBM 203 Extra"]
[Source "ChessBase"]
[SourceDate "2021.09.30"]
[SourceVersion "1"]
[SourceVersionDate "2021.09.30"]
[SourceQuality "1"]

1. e4 c5 2. Nf3 d6 3. d4 cxd4 4. Nxd4 Nf6 5. Nc3 a6 6. Bg5 e6 7. f4 Be7 8. Qf3 Qc7 9. 0-0-0 Nbd7 10. Bd3 h6 11. Bh4 g5 12. fxg5 Ne5 13. Qe2 Nfg4 14. Nf3 Qd8 15. h3 Nxf3 16. gxf3 hxg5 17. Bg3 Nh6 18. e5 d5 19. f4 gxf4 20. Bxf4 Bg5 21. Qd2 Bxf4 22. Qxf4 Bd7 23. Rhg1 Qe7 24. Rg7 0-0-0 25. Bh7 Rxh7 26. Rxh7 Nf5 27. Ne2 Kb8 28. Nd4 Nxd4 29. Rxd4 Be8 30. h4 Rc8 31. Rg7 Qc5 32. Qd2 Qc7 33. Rg3 Bc6 34. h5 Rh8 35. Rh4 Ka8 36. h6 1-0

[Event "DOM-ch"]
[Site "Santo Domingo"]
[Date "2021.05.16"]
[Round "8"]
[White "Plata Nelson, Roberto Marino"]
[Black "Sosa Moran, Bryan Marc"]
[Result "1-0"]
[WhiteElo "1938"]
[BlackElo "1823"]
[PlyCount "69"]
[EventDate "2021.05.07"]
[EventType "swiss"]
[EventRounds "11"]
[EventCountry "DOM"]
[SourceTitle "CBM 203 Extra"]
[Source "ChessBase"]
[SourceDate "2021.09.30"]
[SourceVersion "1"]
[SourceVersionDate "2021.09.30"]
[SourceQuality "1"]

1. e4 c5 2. Nf3 Nc6 3. d4 cxd4 4. Nxd4 Nf6 5. Nc3 e5 6. Ndb5 d6 7. Nd5 Nxd5 8. exd5 Nb8 9. c4 Nd7 10. Qa4 Be7 11. Be2 0-0 12. 0-0 Nf6 13. h3 Bf5 14. Be3 a6 15. Nc3 Qd7 16. Qxd7 Nxd7 17. f4 exf4 18. Bxf4 Bg6 19. Rac1 Rfe8 20. Rfe1 Bf8 21. Bf1 Nc5 22. Red1 Rac8 23. Rd4 Be7 24. Rdd1 h6 25. b4 Nd7 26. Kf2 Bg5 27. Bxg5 hxg5 28. Na4 Re4 29. g3 Bh5 30. Re1 Rd4 31. Ke3 Ne5 32. Kxd4 Nf3+ 33. Kc3 b5 34. Nb6 Rb8 35. c5 1-0

[Event "DOM-ch"]
[Site "Santo Domingo"]
[Date "2021.05.15"]
[Round "7"]
[White "Arvelo Leo, Gian Carlo"]
[Black "Plata Nelson, Roberto Marino"]
[Result "1-0"]
[WhiteElo "2115"]
[BlackElo "1938"]
[PlyCount "157"]
[EventDate "2021.05.07"]
[EventType "swiss"]
[EventRounds "11"]
[EventCountry "DOM"]
[SourceTitle "CBM 203 Extra"]
[Source "ChessBase"]
[SourceDate "2021.09.30"]
[SourceVersion "1"]
[SourceVersionDate "2021.09.30"]
[SourceQuality "1"]

1. Nf3 c5 2. g3 d6 3. Bg2 e5 4. 0-0 Nf6 5. d3 h6 6. c4 Nc6 7. Nc3 Be7 8. Ne1 0-0 9. Nc2 Be6 10. Ne3 a6 11. a3 Qc7 12. Rb1 Rab8 13. Ned5 Bxd5 14. cxd5 Na7 15. Bd2 b5 16. b4 Rfc8 17. Bh3 Rd8 18. Qb3 Nc8 19. a4 c4 20. dxc4 bxc4 21. Qc2 Nb6 22. e4 Nbd7 23. Rfc1 Rdc8 24. Be3 Nh7 25. a5 Bg5 26. Na4 Bxe3 27. fxe3 Ng5 28. Bg2 Qa7 29. Kf2 Nf6 30. Nb6 Ng4+ 31. Ke2 Rxb6 32. axb6 Qxb6 33. Rb3 Nxh2 34. Rc3 Ng4 35. Qa4 Qb5 36. Ra1 Rb8 37. Qxb5 axb5 38. Rca3 Kf8 39. Ra8 Rxa8 40. Rxa8+ Ke7 41. Ra7+ Ke8 42. Rb7 Nf6 43. Rxb5 Nfxe4 44. Rb8+ Kd7 45. Bxe4 Nxe4 46. Kf3 Kc7 47. Rg8 Ng5+ 48. Ke2 g6 49. g4 Kb6 50. Rb8+ Kc7 51. Rh8 Kb6 52. Rb8+ Kc7 53. Rf8 Kb6 54. Kd2 Kb5 55. Rb8+ Ka6 56. Kc3 f5 57. gxf5 gxf5 58. Kxc4 f4 59. exf4 exf4 60. Rf8 f3 61. Kd4 Kb5 62. Rb8+ Ka6 63. Ke3 Ka7 64. Rh8 Kb6 65. Rb8+ Kc7 66. Rh8 Kb6 67. Rxh6 Kb5 68. Rxd6 Kxb4 69. Rc6 Kb5 70. Rg6 Nf7 71. Rf6 Ne5 72. Kd4 Nd7 73. Rxf3 Kb6 74. Rc3 Kb7 75. d6 Nb6 76. Rb3 Kc6 77. Rxb6+ Kxb6 78. Kd5 Kb7 79. Ke6 1-0

[Event "DOM-ch"]
[Site "Santo Domingo"]
[Date "2021.05.07"]
[Round "1"]
[White "Plata Nelson, Roberto Marino"]
[Black "Araujo Sanchez, Josue"]
[Result "0-1"]
[WhiteElo "1938"]
[BlackElo "2337"]
[PlyCount "82"]
[EventDate "2021.05.07"]
[EventType "swiss"]
[EventRounds "11"]
[EventCountry "DOM"]
[SourceTitle "CBM 203 Extra"]
[Source "ChessBase"]
[SourceDate "2021.09.30"]
[SourceVersion "1"]
[SourceVersionDate "2021.09.30"]
[SourceQuality "1"]

1. e4 c5 2. Nf3 d6 3. d4 cxd4 4. Nxd4 Nf6 5. Nc3 a6 6. Bg5 Nbd7 7. f4 e6 8. Qf3 Qc7 9. 0-0-0 Be7 10. Bd3 0-0 11. Rhe1 Nc5 12. Qg3 Ne8 13. Bxe7 Qxe7 14. e5 dxe5 15. fxe5 Bd7 16. Be2 Rc8 17. Bf3 b5 18. Ne4 a5 19. Nxc5 Qxc5 20. Be4 a4 21. Qd3 f5 22. Bf3 b4 23. Kb1 Rf7 24. g4 fxg4 25. Bxg4 Nc7 26. Qh3 a3 27. Nb3 Qe7 28. Rd6 Re8 29. Nc5 Bc8 30. bxa3 bxa3 31. Bh5 g6 32. Bg4 Nb5 33. Ne4 Qb7 34. Kc1 Nxd6 35. Nxd6 Qb2+ 36. Kd2 Qb4+ 37. Kd1 Rf2 38. Be2 Ref8 39. Nxc8 Qd4+ 40. Kc1 Qf4+ 41. Kb1 Qb4+ 0-1

[Event "Santo Domingo op11"]
[Site "Santo Domingo"]
[Date "2017.11.17"]
[Round "1"]
[White "Collado, Geremia"]
[Black "Plata Nelson, Roberto Marino"]
[Result "0-1"]
[WhiteElo "1681"]
[BlackElo "1921"]
[PlyCount "60"]
[EventDate "2017.11.17"]
[EventType "swiss"]
[EventRounds "8"]
[EventCountry "DOM"]
[SourceTitle "CBM 181 Extra"]
[Source "ChessBase"]
[SourceDate "2017.12.12"]
[SourceVersion "1"]
[SourceVersionDate "2017.12.12"]
[SourceQuality "1"]

1. e4 c5 2. Nf3 d6 3. d4 cxd4 4. Nxd4 Nf6 5. Nc3 a6 6. Bd3 e5 7. Nde2 Be7 8. 0-0 0-0 9. Ng3 Be6 10. Kh1 Nbd7 11. f4 exf4 12. Bxf4 Ne5 13. Bg5 Nxd3 14. cxd3 Nxe4 15. Ncxe4 Bxg5 16. Qh5 Be7 17. Nf5 d5 18. Nxe7+ Qxe7 19. Ng5 h6 20. Nf3 Qb4 21. b3 Rac8 22. Rf2 Rc3 23. Raf1 f6 24. d4 Rfc8 25. Ng1 f5 26. Re2 Bd7 27. Rfe1 Qd6 28. Re7 Rf8 29. Nf3 Rc7 30. Nh4 Qxe7 0-1

[Event "Santo Domingo U2000 op"]
[Site "Santo Domingo"]
[Date "2017.06.11"]
[Round "8"]
[White "Plata Nelson, Roberto Marino"]
[Black "Diaz, Eugenio Daniel"]
[Result "1-0"]
[WhiteElo "1966"]
[BlackElo "1731"]
[PlyCount "97"]
[EventDate "2017.06.02"]
[EventType "swiss"]
[EventRounds "8"]
[EventCountry "DOM"]
[SourceTitle "CBM 178 Extra"]
[Source "ChessBase"]
[SourceDate "2017.06.22"]
[SourceVersion "1"]
[SourceVersionDate "2017.06.22"]
[SourceQuality "1"]

1. e4 e6 2. d4 d5 3. Nd2 c5 4. dxc5 Bxc5 5. Nb3 Bb6 6. exd5 exd5 7. Bb5+ Nc6 8. Nf3 Nge7 9. 0-0 0-0 10. h3 h6 11. Re1 a6 12. Bf1 Bf5 13. c3 Rc8 14. Be3 Bxe3 15. Rxe3 Qb6 16. Bd3 Rfe8 17. Qd2 Bxd3 18. Qxd3 Ng6 19. Rae1 Rxe3 20. Rxe3 Rd8 21. Qf5 a5 22. Re2 Qb5 23. Rd2 a4 24. Nbd4 Qc4 25. a3 Re8 26. g3 Nce5 27. Qc2 Nxf3+ 28. Nxf3 Ne5 29. Nxe5 Rxe5 30. Qd1 h5 31. h4 Kf8 32. Rd4 Qc6 33. Qxa4 Qc8 34. Kg2 g5 35. Qb4+ Kg7 36. hxg5 Rxg5 37. Rf4 Qc6 38. Qe7 d4+ 39. Kh2 Qg6 40. cxd4 h4 41. Rxh4 Rf5 42. Qe2 Qf6 43. Rg4+ Kf8 44. Kg2 Qc6+ 45. Qe4 Qd7 46. Rh4 Kg7 47. Qg4+ Kf6 48. Rh6+ Ke7 49. Qh4+ 1-0

[Event "Santo Domingo U2000 op"]
[Site "Santo Domingo"]
[Date "2017.06.04"]
[Round "4"]
[White "Perez Feliz, Jose Enrique"]
[Black "Plata Nelson, Roberto Marino"]
[Result "1-0"]
[WhiteElo "1837"]
[BlackElo "1966"]
[PlyCount "86"]
[EventDate "2017.06.02"]
[EventType "swiss"]
[EventRounds "8"]
[EventCountry "DOM"]
[SourceTitle "CBM 178 Extra"]
[Source "ChessBase"]
[SourceDate "2017.06.22"]
[SourceVersion "1"]
[SourceVersionDate "2017.06.22"]
[SourceQuality "1"]

1. e4 c5 2. Nf3 d6 3. Nc3 Nf6 4. Bc4 e6 5. d4 cxd4 6. Nxd4 a6 7. Bg5 Be7 8. Qd2 b5 9. Bb3 b4 10. Nce2 Nxe4 11. Bxe7 Nxd2 12. Bxd8 Nxb3 13. Nxb3 Kxd8 14. 0-0-0 Ke7 15. Rhe1 Nc6 16. Ned4 Nxd4 17. Nxd4 Kd7 18. Nb3 Kc7 19. Rd4 a5 20. Rc4+ Kb6 21. Rg4 g6 22. Nd2 e5 23. Rg3 Bf5 24. Nc4+ Kc5 25. b3 Be6 26. Nb2 Rhc8 27. Rd3 Rc6 28. Na4+ Kb5 29. Kb2 Rac8 30. c4+ bxc3+ 31. Rxc3 Rxc3 32. Nxc3+ Kc6 33. Rc1 d5 34. Ne4+ Kb6 35. Rxc8 Bxc8 36. Nf6 d4 37. Nxh7 f5 38. Ng5 Kc5 39. a3 Bb7 40. g3 Bd5 41. Nh7 e4 42. Kc2 e3 43. fxe3 dxe3 1-0

[Event "Santo Domingo Inmortales op"]
[Site "Santo Domingo"]
[Date "2016.11.19"]
[Round "2"]
[White "Feliz Dotel, Dewar Bienvenido"]
[Black "Plata Nelson, Roberto Marino"]
[Result "1-0"]
[WhiteElo "2063"]
[BlackElo "1970"]
[PlyCount "93"]
[EventDate "2016.11.18"]
[EventType "swiss"]
[EventRounds "8"]
[EventCountry "DOM"]
[SourceTitle "EXT 2018"]
[Source "ChessBase"]
[SourceDate "2017.10.13"]
[SourceVersion "1"]
[SourceVersionDate "2017.10.13"]
[SourceQuality "1"]

1. Nf3 d5 2. g3 Nf6 3. Bg2 Bf5 4. c4 e6 5. Qb3 b6 6. d3 Be7 7. Nc3 0-0 8. 0-0 Nc6 9. Nh4 Na5 10. Qc2 Bg6 11. Nxg6 hxg6 12. Bg5 c6 13. b3 Rc8 14. a3 d4 15. b4 Nxc4 16. dxc4 dxc3 17. Rfd1 Nd7 18. Bxe7 Qxe7 19. Qxc3 Nf6 20. Rd3 Rfd8 21. Rad1 Rxd3 22. Qxd3 c5 23. b5 Rc7 24. Bc6 Rc8 25. h3 e5 26. g4 e4 27. Qd6 Qxd6 28. Rxd6 g5 29. Kh2 Kf8 30. Kg3 Ke7 31. Rd1 Ke6 32. h4 gxh4+ 33. Kxh4 Rh8+ 34. Kg3 g5 35. a4 Ke5 36. a5 Rb8 37. axb6 axb6 38. e3 Rh8 39. Ra1 Ke6 40. Ra6 Ke5 41. Rxb6 Rh4 42. f4+ exf3 43. Bxf3 Ne4+ 44. Bxe4 Kxe4 45. Rc6 Kxe3 46. Rxc5 f6 47. b6 1-0

[Event "Santo Domingo Inmortales op"]
[Site "Santo Domingo"]
[Date "2016.11.19"]
[Round "3"]
[White "Polanco Alcantara, Mario Alexander"]
[Black "Plata Nelson, Roberto Marino"]
[Result "1-0"]
[WhiteElo "2090"]
[BlackElo "1970"]
[PlyCount "78"]
[EventDate "2016.11.18"]
[EventType "swiss"]
[EventRounds "8"]
[EventCountry "DOM"]
[SourceTitle "EXT 2018"]
[Source "ChessBase"]
[SourceDate "2017.10.13"]
[SourceVersion "1"]
[SourceVersionDate "2017.10.13"]
[SourceQuality "1"]

1. d4 Nf6 2. Bf4 d5 3. e3 c5 4. c3 Qb6 5. Qb3 c4 6. Qc2 g6 7. b3 Bf5 8. Qd1 Qa5 9. b4 Qb6 10. Nd2 Bg7 11. h3 h5 12. Ngf3 Nc6 13. Be2 0-0 14. 0-0 a5 15. a3 Ra7 16. Nh4 Bd7 17. Kh1 Rfa8 18. Rc1 axb4 19. axb4 Ra2 20. e4 e6 21. e5 Nh7 22. Be3 Qd8 23. g3 Bf8 24. f4 Ne7 25. Ng2 Nf5 26. Bf2 Rb2 27. Rb1 Rba2 28. g4 Ba4 29. Qe1 hxg4 30. hxg4 Nh6 31. Ne3 Bc2 32. Rc1 Ba4 33. Kg2 g5 34. f5 exf5 35. gxf5 f6 36. e6 Bc6 37. Rh1 R8a3 38. Bh5 Qe7 39. Bg6 Rb2 1-0

[Event "Santo Domingo Autumn op"]
[Site "Santo Domingo"]
[Date "2016.10.07"]
[Round "2"]
[White "Perez Barcelo, Ricardo Antonio"]
[Black "Plata Nelson, Roberto Marino"]
[Result "0-1"]
[WhiteElo "1531"]
[BlackElo "1969"]
[PlyCount "96"]
[EventDate "2016.10.07"]
[EventType "swiss"]
[EventRounds "8"]
[EventCountry "DOM"]
[SourceTitle "CBM 175 Extra"]
[Source "ChessBase"]
[SourceDate "2016.12.12"]
[SourceVersion "1"]
[SourceVersionDate "2016.12.12"]
[SourceQuality "1"]

1. d4 Nf6 2. Nf3 d5 3. Bf4 c5 4. c3 Qb6 5. Qb3 c4 6. Qxb6 axb6 7. Na3 Bd7 8. Bc7 b5 9. Ne5 Bc6 10. Nxc6 bxc6 11. e3 e6 12. Nc2 Na6 13. Be5 Kd7 14. Be2 Bd6 15. Bxd6 Kxd6 16. 0-0 Ne4 17. Rfc1 Rhb8 18. Ne1 b4 19. f3 Nf6 20. Bd1 bxc3 21. bxc3 Rb2 22. Bc2 Nc7 23. a4 e5 24. Rcb1 Rab8 25. Kf2 exd4 26. cxd4 c5 27. Ke2 cxd4 28. exd4 Rxb1 29. Rxb1 Rxb1 30. Bxb1 Kc6 31. Kd2 Kb6 32. Kc3 Ka5 33. Bc2 g6 34. g3 Nd7 35. Ng2 Nb6 36. Ne3 Nxa4+ 37. Bxa4 Kxa4 38. Nxc4 dxc4 39. Kxc4 f5 40. h4 Ne8 41. Kd5 Kb5 42. Ke5 Kc6 43. g4 fxg4 44. fxg4 Kd7 45. h5 Ke7 46. h6 Nd6 47. g5 Nf7+ 48. Ke4 Nxg5+ 0-1

[Event "Santo Domingo Autumn op"]
[Site "Santo Domingo"]
[Date "2016.10.07"]
[Round "7"]
[White "Plata Nelson, Roberto Marino"]
[Black "Franco Rodriguez, Andres Avelino"]
[Result "1-0"]
[WhiteElo "1969"]
[BlackElo "2084"]
[PlyCount "109"]
[EventDate "2016.10.07"]
[EventType "swiss"]
[EventRounds "8"]
[EventCountry "DOM"]
[SourceTitle "CBM 175 Extra"]
[Source "ChessBase"]
[SourceDate "2016.12.12"]
[SourceVersion "1"]
[SourceVersionDate "2016.12.12"]
[SourceQuality "1"]

1. e4 c5 2. Nc3 g6 3. d4 Bg7 4. Nf3 cxd4 5. Nxd4 d6 6. Be2 Nc6 7. Be3 Nf6 8. 0-0 0-0 9. Nb3 Bd7 10. f4 Rc8 11. Bf3 h5 12. h3 Be6 13. Nd5 Qd7 14. Qd2 Ne8 15. c3 f5 16. Qf2 fxe4 17. Bxe4 Bf5 18. Bxf5 Qxf5 19. c4 e6 20. Nc3 Bxc3 21. bxc3 b6 22. Rad1 Qe4 23. Qg3 Ne7 24. Nd2 Qc2 25. Rc1 Qd3 26. Rf3 Ng7 27. Qe1 Qf5 28. Bd4 Nc6 29. Ne4 Rcd8 30. Ng5 e5 31. Be3 e4 32. Rf2 Ne6 33. Qd2 d5 34. cxd5 Rxd5 35. Qc2 Nxg5 36. fxg5 Qe6 37. Rxf8+ Kxf8 38. Qb3 Rd6 39. Rf1+ Kg8 40. Qa3 Qe7 41. Qa6 Qd7 42. Kh2 Ne7 43. Bd4 Nf5 44. Be5 Rd5 45. Bf4 Kh7 46. Re1 Qe7 47. Qc4 Rc5 48. Qb4 e3 49. g4 hxg4 50. hxg4 Nh4 51. Kg3 Qf7 52. Rh1 e2 53. Rxh4+ Kg8 54. Qd4 Rxc3+ 55. Kf2 1-0

[Event "Santo Domingo La Raza op"]
[Site "Santo Domingo"]
[Date "2015.10.21"]
[Round "8"]
[White "Beltre, Pedro"]
[Black "Plata Nelson, Roberto Marino"]
[Result "0-1"]
[WhiteElo "1841"]
[BlackElo "1980"]
[PlyCount "66"]
[EventDate "2015.10.12"]
[EventType "swiss"]
[EventRounds "8"]
[EventCountry "DOM"]
[SourceTitle "CBM 169 Extra"]
[Source "ChessBase"]
[SourceDate "2015.12.18"]
[SourceVersion "1"]
[SourceVersionDate "2015.12.18"]
[SourceQuality "1"]

1. e4 c5 2. Nf3 d6 3. d4 cxd4 4. Nxd4 Nf6 5. Nc3 a6 6. Be3 e5 7. Nb3 Be7 8. f3 0-0 9. Qd2 Be6 10. g4 b5 11. g5 Nh5 12. Nd5 Bxd5 13. Qxd5 Nd7 14. Rg1 Rc8 15. 0-0-0 Nb6 16. Qd2 Nc4 17. Bxc4 bxc4 18. Na1 c3 19. Qd5 cxb2+ 20. Kxb2 Rb8+ 21. Nb3 Nf4 22. Qd2 Ne6 23. Ka1 Qc7 24. Rg2 Rfc8 25. h4 d5 26. exd5 Bb4 27. Qd3 Bc3+ 28. Kb1 Nf4 29. Bxf4 exf4 30. Qxa6 Ra8 31. d6 Qb8 32. Qe2 Rxa2 33. Kc1 Ra1+ 0-1

[Event "Santo Domingo Summer op"]
[Site "Santo Domingo"]
[Date "2015.07.24"]
[Round "5"]
[White "Plata Nelson, Roberto Marino"]
[Black "De Jesus Rosa, Michel"]
[Result "0-1"]
[WhiteElo "1999"]
[BlackElo "2057"]
[PlyCount "120"]
[EventDate "2015.07.17"]
[EventType "swiss"]
[EventRounds "8"]
[EventCountry "DOM"]
[SourceTitle "EXT 2016"]
[Source "ChessBase"]
[SourceDate "2015.10.08"]
[SourceVersion "1"]
[SourceVersionDate "2015.10.08"]
[SourceQuality "1"]

1. e4 e5 2. Nf3 Nc6 3. Bb5 a6 4. Ba4 Nf6 5. 0-0 Bc5 6. Nxe5 Nxe5 7. d4 b5 8. Bb3 Bxd4 9. Qxd4 Nc6 10. Qd1 d6 11. a4 Bb7 12. Bg5 h6 13. Bh4 g5 14. Bg3 Ne7 15. f3 0-0 16. axb5 axb5 17. Rxa8 Bxa8 18. Qd3 Nh5 19. Qxb5 Ng6 20. Nc3 Qf6 21. Qd7 Nxg3 22. hxg3 Qe5 23. Qf5 Qxf5 24. exf5 Ne7 25. g4 Bc6 26. Ra1 Rc8 27. Ra6 Kg7 28. Kf2 Kf6 29. Ke3 Re8 30. Ne4+ Bxe4 31. fxe4 h5 32. Kf3 h4 33. Ra7 Nc6 34. Ba4 Ne5+ 35. Ke2 Re7 36. Ra8 Nxg4 37. Re8 Rxe8 38. Bxe8 Ke5 39. Bc6 Nf6 40. Ke3 Nh5 41. Kf3 Nf6 42. c3 g4+ 43. Ke3 h3 44. gxh3 gxh3 45. Kf3 h2 46. Kg2 Ng4 47. Bb7 f6 48. Bc6 Nf2 49. Kxh2 Nxe4 50. Bd7 Nc5 51. Bc6 Kxf5 52. Kg3 Nd3 53. b4 Nc1 54. c4 Ne2+ 55. Kf2 Nd4 56. Bg2 Nc2 57. b5 Ke5 58. Bf1 Kd4 59. Kf3 Na3 60. Kf4 Nxc4 0-1

[Event "Santo Domingo Summer op"]
[Site "Santo Domingo"]
[Date "2015.07.19"]
[Round "4"]
[White "Soto Lora, Jose Santiago"]
[Black "Plata Nelson, Roberto Marino"]
[Result "1-0"]
[WhiteElo "2031"]
[BlackElo "1999"]
[PlyCount "81"]
[EventDate "2015.07.17"]
[EventType "swiss"]
[EventRounds "8"]
[EventCountry "DOM"]
[SourceTitle "EXT 2016"]
[Source "ChessBase"]
[SourceDate "2015.10.08"]
[SourceVersion "1"]
[SourceVersionDate "2015.10.08"]
[SourceQuality "1"]

1. c4 e5 2. Nc3 Nf6 3. g3 Bb4 4. Bg2 Bxc3 5. bxc3 0-0 6. Nf3 Nc6 7. 0-0 Re8 8. d3 d6 9. Ne1 Bd7 10. Nc2 b6 11. Nb4 e4 12. Bg5 Nxb4 13. cxb4 Bc6 14. d4 h6 15. Bxf6 Qxf6 16. e3 a5 17. b5 Bb7 18. a4 Rad8 19. Qc2 Qe7 20. Rfc1 f5 21. Ra3 g5 22. Rc3 Kf7 23. c5 Bd5 24. Bf1 Bb7 25. Qb3+ d5 26. Be2 g4 27. Qa3 h5 28. h4 Kf8 29. Bd1 Kf7 30. Bb3 Ke6 31. Qa2 Ba8 32. Kg2 Bb7 33. cxb6 cxb6 34. Rc7 Rd7 35. Rxb7 Rxb7 36. Bxd5+ Kf6 37. Bxb7 Qxb7 38. Rc6+ Kg7 39. Qd5 Qf7 40. Qxf7+ Kxf7 41. Rxb6 1-0